| 000 | 00549nam a2200169 i 4500 | ||
|---|---|---|---|
| 001 | 90537 | ||
| 003 | ES-MaACL | ||
| 005 | 20240225063053.0 | ||
| 007 | t| | ||
| 008 | 050121s1974 sp ||||1| spa d | ||
| 100 | 1 |
_aLenin, Vladimir Il'ich, _d1870-1924 _971523 |
|
| 245 | 1 | 0 |
_aMaterialismo y empiriocriticismo _b: notas crĂticas sobre una filosofĂa reaccionaria / _cVladimir Illicht Lenin. |
| 260 |
_a[Madrid] : _bAyuso, _c[1974] |
||
| 300 |
_a363 p. ; _c21 cm. |
||
| 852 |
_aES-MaACL _jC-56524 _bR.89289 |
||
| 999 |
_c90537 _d90537 |
||